ਕੰਧ ਉਰਲੋ ਪ੍ਰਦੇਸ / (Record no. 110784)

MARC details
000 -LEADER
fixed length control field 01000nam a22002537a 4500
005 - DATE AND TIME OF LATEST TRANSACTION
control field 20170123164157.0
010 ## - LIBRARY OF CONGRESS CONTROL NUMBER
LC control number A-978217
020 ## - INTERNATIONAL STANDARD BOOK NUMBER
Terms of availability 140.00
035 ## - SYSTEM CONTROL NUMBER
System control number A-978217
037 ## - SOURCE OF ACQUISITION
Source of stock number/acquisition Cen Lib/Ret
040 ## - CATALOGING SOURCE
Original cataloging agency DPL
Language of cataloging PN
082 ## - DEWEY DECIMAL CLASSIFICATION NUMBER
Classification number 910 .4
Item number ਹੁੰਦਲ
100 ## - MAIN ENTRY--PERSONAL NAME
Personal name ਹੁੰਦਲ,ਹਰਭਜਨ ਸਿੰਘ
9 (RLIN) 4285
245 ## - TITLE STATEMENT
Title ਕੰਧ ਉਰਲੋ ਪ੍ਰਦੇਸ /
Statement of responsibility, etc ਹਰਭਜਨ ਸਿੰਘ ਹੁੰਦਲ
246 ## - VARYING FORM OF TITLE
Title proper/short title Kandh ohele pardes : travelogue /
Remainder of title by Harbhajan Singh Hundal
260 ## - PUBLICATION, DISTRIBUTION, ETC. (IMPRINT)
Place of publication, distribution, etc ਦਿੱਲੀ
Name of publisher, distributor, etc ਮਨਪ੍ਰੀਤ ਪ੍ਰਕਾਸ਼ਨ
Date of publication, distribution, etc 1999
270 ## - ADDRESS
Address 16/16, 1st floor , ਗੀਤਾ ਕਾਲੋਨੀ
City ਦਿੱਲੀ
Postal code 110031
300 ## - PHYSICAL DESCRIPTION
Extent 152p ;
Dimensions 20cm
650 ## - SUBJECT ADDED ENTRY--TOPICAL TERM
Topical term or geographic name as entry element ਭਾਰਤ ਨੂੰ -- ਵੇਰਵਾ ਅਤੇ ਯਾਤਰਾ
9 (RLIN) 131564
650 ## - SUBJECT ADDED ENTRY--TOPICAL TERM
Topical term or geographic name as entry element ਯਾਤਰਾ
9 (RLIN) 131565
650 ## - SUBJECT ADDED ENTRY--TOPICAL TERM
Topical term or geographic name as entry element India -- Description and travel
9 (RLIN) 26587
650 ## - SUBJECT ADDED ENTRY--TOPICAL TERM
Topical term or geographic name as entry element travel
9 (RLIN) 25007
942 ## - ADDED ENTRY ELEMENTS (KOHA)
Source of classification or shelving scheme Dewey Decimal Classification
Koha item type Punjabi Bks
Classification part 910.4
Call number suffix ਹੁੰਦਲ
Holdings
Withdrawn status Lost status Damaged status Not for loan Home library Current library Date acquired Source of acquisition Cost, normal purchase price Total Checkouts Full call number Barcode Date last seen Copy number Cost, replacement price Price effective from Koha item type
        Central Library Central Library 08/02/2016 Cen Lib/Ret 140.00   910 .4 ਹੁੰਦਲ A-978217 08/02/2016 1 140.00 08/02/2016 Punjabi Bks

© Delhi Public Library
Hit Counter
free hit counter